Délmagyarország. - 1946. szeptember 5., Csütörtök

Elmentve itt :
Bibliográfiai részletek
Dokumentumtípus: Újság
Megjelent: 1946-09-05
Sorozat:Délmagyarország 3 No. 201
Online Access:http://dmarchiv.bibl.u-szeged.hu/10821
LEADER 00495nas a2200145 i 4500
001 delm10821
005 20200414154614.0
008 171214s1946 hu n o 0|| hun d
022 |a 0133-025X 
040 |a SZTE Délmagyarország Archívum  |b hun 
041 |a hun 
245 0 0 |a Délmagyarország. - 1946. szeptember 5., Csütörtök  |h [elektronikus dokumentum] 
260 |c 1946-09-05 
490 0 |a Délmagyarország  |v 3 No. 201 
856 4 0 |u http://dmarchiv.bibl.u-szeged.hu/10821/1/dm_1946_201.pdf  |z Dokumentum-elérés